[Event "XII Festival A"]
[Site "Trieste ITA"]
[Date "2010.09.04"]
[Round "1"]
[White "Tonel, Giulia"]
[Black "Yrjola, Jouni"]
[Result "0-1"]
[WhiteElo "1977"]
[BlackElo "2368"]
[PlyCount "98"]
[EventDate "2010.09.04"]

1. e4 c5 2. Nf3 d6 3. d4 cxd4 4. Qxd4 a6 5. Be3 Nf6 6. Nc3 Nc6 7. Qb6 Qxb6 8.
Bxb6 Bg4 9. O-O-O g6 10. Be2 Bh6+ 11. Kb1 Nd7 12. Nd5 Nxb6 13. Nxb6 Rd8 14. h3
Be6 15. c3 O-O 16. Nd4 Nxd4 17. cxd4 d5 18. e5 f6 19. Bf3 fxe5 20. dxe5 d4 21.
a4 d3 22. Be4 Bf5 23. Bd5+ e6 24. g4 exd5 25. gxf5 Rxf5 26. Rxd3 Rxe5 27. Rhd1
Re2 28. Nxd5 Rf8 29. Rb3 Rf7 30. f4 Re4 31. Rb6 Rxa4 32. Nf6+ Kg7 33. Ne8+ Kf8
34. Nd6 Rd7 35. Re1 Bxf4 36. Nxb7 Rad4 37. Nc5 Rd1+ 38. Rxd1 Rxd1+ 39. Ka2 Rd6
40. Rb4 g5 41. Ra4 Kf7 42. Nxa6 h5 43. Nc5 Kg6 44. h4 Rc6 45. hxg5 Kxg5 46. b4
h4 47. Nd3 Bg3 48. Kb3 h3 49. b5 Rc1 0-1

[Event "XII Festival A"]
[Site "Trieste ITA"]
[Date "2010.09.04"]
[Round "1"]
[White "Varini, Massimo"]
[Black "Ulibin, Mikhail"]
[Result "0-1"]
[WhiteElo "2105"]
[BlackElo "2544"]
[PlyCount "108"]
[EventDate "2010.09.04"]

1. d4 e6 2. Nf3 c5 3. e3 Nf6 4. Bd3 Be7 5. O-O O-O 6. Nbd2 b6 7. b3 Bb7 8. Bb2
d6 9. Qe2 Nbd7 10. c4 Re8 11. Rad1 Bf8 12. e4 cxd4 13. Nxd4 a6 14. Bb1 g6 15.
N4f3 e5 16. Rfe1 b5 17. a3 Qb6 18. cxb5 axb5 19. Bd3 Bc6 20. b4 d5 21. exd5
Nxd5 22. Bb1 Qb7 23. Ba2 Nf4 24. Qf1 Bg7 25. Re3 Nb6 26. Nb3 Nbd5 27. Na5 Rxa5
28. bxa5 Nxe3 29. fxe3 Nd5 30. Ng5 Rf8 31. Qf2 h6 32. Ne4 Kh8 33. Nc5 Qa8 34.
a6 Ne7 35. Bc3 Nf5 36. Re1 h5 37. e4 Nd4 38. Bb4 f5 39. Qg3 Qe8 40. Nb7 f4 41.
Qf2 Rf6 42. Bc3 f3 43. Bxd4 fxg2 44. Qg3 exd4 45. Bd5 Qa8 46. Nc5 Qa7 47. Bxc6
Rxc6 48. Nd3 Rxa6 49. Qxg2 Kh7 50. e5 Bh6 51. Rf1 Rxa3 52. e6 Rxd3 53. Rf7+
Qxf7 54. exf7 Rd1+ 0-1

[Event "XII Festival A"]
[Site "Trieste ITA"]
[Date "2010.09.05"]
[Round "2"]
[White "Bevilacqua, Andrea"]
[Black "Hartl, Daniel"]
[Result "0-1"]
[WhiteElo "2132"]
[BlackElo "2233"]
[PlyCount "76"]
[EventDate "2010.09.04"]

1. e4 d5 2. exd5 Nf6 3. Nc3 Nxd5 4. Nxd5 Qxd5 5. d4 Nc6 6. c3 e5 7. Nf3 exd4 8.
Nxd4 Nxd4 9. Be3 Bc5 10. Bxd4 Bxd4 11. Qxd4 Qxd4 12. cxd4 Be6 13. b3 O-O-O 14.
O-O-O Rd6 15. Bc4 Bxc4 16. bxc4 Rhd8 17. d5 c6 18. dxc6 Rxc6 19. Rxd8+ Kxd8 20.
Rd1+ Ke7 21. Rd4 b5 22. Kc2 bxc4 23. a4 c3 24. Rb4 Rc7 25. Re4+ Kf6 26. Re2 Rc5
27. Kd3 a5 28. Rc2 Ke5 29. Rxc3 Rxc3+ 30. Kxc3 Kd5 31. Kd3 Kc5 32. Kc3 h6 33.
h3 g6 34. g3 f6 35. f3 h5 36. f4 g5 37. g4 hxg4 38. fxg5 g3 0-1

[Event "XII Festival A"]
[Site "Trieste ITA"]
[Date "2010.09.05"]
[Round "2"]
[White "Bogdanovski, Vlatko"]
[Black "Kragelj, Igor"]
[Result "1-0"]
[WhiteElo "2398"]
[BlackElo "2226"]
[PlyCount "107"]
[EventDate "2010.09.04"]

1. Nf3 Nf6 2. c4 c5 3. g3 d5 4. Bg2 Nc6 5. O-O e5 6. d3 Be7 7. Bg5 d4 8. Na3
O-O 9. Nc2 a5 10. b3 h6 11. Bxf6 Bxf6 12. a3 Bd7 13. Rb1 Be7 14. Re1 Qc7 15.
Nd2 Rfb8 16. e3 Re8 17. exd4 exd4 18. f4 Bf8 19. Be4 Ra6 20. Qf3 Rb6 21. a4 Ne7
22. Na3 f5 23. Bd5+ Nxd5 24. Qxd5+ Be6 25. Qg2 Qd7 26. Nf3 Bf7 27. Ne5 Qd8 28.
Nxf7 Kxf7 29. Nb5 Rc6 30. Kf1 g6 31. Rxe8 Qxe8 32. Re1 Qd7 33. h4 h5 34. Re5
Bg7 35. Re2 Bf8 36. Na3 Rb6 37. Nb5 Rc6 38. Qf3 Rb6 39. Re5 Rc6 40. Qh1 Rb6 41.
Ke1 Rc6 42. Kd1 Rb6 43. Kc2 Rc6 44. Qd5+ Qxd5 45. cxd5 Rb6 46. Na3 Ra6 47. Nc4
Be7 48. Re6 Rxe6 49. dxe6+ Kxe6 50. Nxa5 b6 51. Nc4 Bd8 52. b4 cxb4 53. Kb3 Bc7
54. Kxb4 1-0

[Event "XII Festival A"]
[Site "Trieste ITA"]
[Date "2010.09.05"]
[Round "2"]
[White "Castelfranchi, Carlo"]
[Black "Biason, Adriano"]
[Result "1-0"]
[WhiteElo "2121"]
[BlackElo "1928"]
[PlyCount "105"]
[EventDate "2010.09.04"]

1. e4 c5 2. Nf3 d6 3. d4 cxd4 4. Nxd4 Nf6 5. Nc3 a6 6. Bg5 e6 7. f4 Qb6 8. Qd2
Qxb2 9. Rb1 Qa3 10. f5 Be7 11. fxe6 fxe6 12. Bc4 d5 13. exd5 Qc5 14. Bd3 h6 15.
Bf4 O-O 16. Na4 Qxd5 17. Nb6 Qxa2 18. O-O Bc5 19. Nxa8 Bxd4+ 20. Kh1 Nc6 21.
Bd6 Rd8 22. Bc7 Rf8 23. Nb6 Bxb6 24. Bxb6 Qd5 25. c4 Qd7 26. Qc3 Qf7 27. Bc5
Rd8 28. Bc2 Qh5 29. Bg1 e5 30. Qg3 Qg4 31. Qxg4 Bxg4 32. Rxb7 Be2 33. Rc1 Bxc4
34. Rc7 Bd5 35. Bb3 Kh7 36. R1xc6 Bxc6 37. Rxc6 Ra8 38. Bc2+ Kh8 39. h3 e4 40.
Bd4 a5 41. Bxf6 gxf6 42. Bxe4 Re8 43. Bf5 Re5 44. g4 h5 45. Rxf6 Kg7 46. Ra6
Rc5 47. Kg2 Rc3 48. Rxa5 Kh6 49. Be4 hxg4 50. hxg4 Re3 51. Bf3 Re6 52. Rc5 Rd6
53. Rc6 1-0

[Event "XII Festival A"]
[Site "Trieste ITA"]
[Date "2010.09.05"]
[Round "2"]
[White "Cherin, Diego"]
[Black "Rombaldoni, Axel"]
[Result "0-1"]
[WhiteElo "2285"]
[BlackElo "2453"]
[PlyCount "66"]
[EventDate "2010.09.04"]

1. e4 c5 2. Nf3 d6 3. d4 cxd4 4. Nxd4 Nf6 5. Nc3 Bd7 6. Be2 e5 7. Nb3 Bc6 8.
Bg5 Nbd7 9. Qd3 Be7 10. O-O-O O-O 11. h4 a5 12. Bxf6 Nxf6 13. Nd2 d5 14. exd5
Nxd5 15. Nxd5 Qxd5 16. Qxd5 Bxd5 17. Bf3 Bxa2 18. Bxb7 Ra7 19. Be4 f5 20. Bc6
Rc7 21. Ba4 Rb8 22. Rh3 Be6 23. Re3 e4 24. Bb3 Bxb3 25. Rxb3 Rbc8 26. c3 Bxh4
27. Rb5 g6 28. g3 Bg5 29. Rxa5 Rd7 30. Ra2 e3 31. fxe3 Bxe3 32. b4 Rxc3+ 33.
Rc2 Rcd3 0-1

[Event "XII Festival A"]
[Site "Trieste ITA"]
[Date "2010.09.05"]
[Round "2"]
[White "De Dreu, Dies"]
[Black "Pompili, Ugo"]
[Result "1-0"]
[WhiteElo "2019"]
[BlackElo "1877"]
[PlyCount "113"]
[EventDate "2010.09.04"]

1. d4 d5 2. Nf3 e6 3. e3 f5 4. c4 c6 5. Nc3 Nf6 6. Be2 Bd6 7. Qc2 O-O 8. Bd2
Ne4 9. O-O Nxd2 10. Qxd2 Nd7 11. Rac1 Nf6 12. Ne5 Nd7 13. f4 Nxe5 14. dxe5 Be7
15. cxd5 exd5 16. Na4 g5 17. Rfd1 gxf4 18. exf4 Kh8 19. b4 a6 20. a3 Rb8 21.
Nc5 Qe8 22. Nb3 b6 23. Qc3 Bb7 24. Qh3 Qg6 25. Rc3 Rg8 26. Bd3 Rbf8 27. Nd4 Qg4
28. Qxg4 fxg4 29. g3 Rc8 30. Bf5 Rcf8 31. Be6 c5 32. Bxg8 Kxg8 33. Ne6 Rc8 34.
bxc5 bxc5 35. Rb1 Ba8 36. Kf2 c4 37. f5 Kf7 38. Ke3 h5 39. Rb6 Bc6 40. Rxa6 Bd7
41. a4 Bb4 42. Rc1 Ba3 43. Rc2 Rb8 44. Kf4 Bb2 45. Ng5+ Ke8 46. e6 Bc8 47. Rc6
Bd4 48. Nf7 Ke7 49. Kg5 Bb7 50. Rc7+ Kf8 51. a5 Ba6 52. Nd6 c3 53. e7+ Kg8 54.
e8=Q+ Rxe8 55. Nxe8 Bd3 56. R2xc3 Bxc3 57. Rxc3 1-0

[Event "XII Festival A"]
[Site "Trieste ITA"]
[Date "2010.09.05"]
[Round "2"]
[White "Fehr, Axel"]
[Black "Laco, Giuseppe"]
[Result "1-0"]
[WhiteElo "2147"]
[BlackElo "2126"]
[PlyCount "95"]
[EventDate "2010.09.04"]

1. c4 e5 2. g3 f5 3. Bg2 Nf6 4. Nc3 c6 5. Nf3 d6 6. O-O Be7 7. d3 Na6 8. Rb1
Qc7 9. b4 Be6 10. Ba3 O-O 11. Qa4 Bd7 12. Rfc1 h6 13. Nh4 Kh7 14. b5 Nc5 15.
Bxc5 dxc5 16. bxc6 bxc6 17. Nf3 Rab8 18. a3 Bd6 19. Nd2 Rb6 20. Qc2 g6 21. Nb3
Ra6 22. Ra1 Rb8 23. Rcb1 Ne8 24. a4 Ng7 25. a5 Ne6 26. e3 Qd8 27. Na4 Qf8 28.
Qc3 Rb4 29. Ra3 Qb8 30. Rba1 Bf8 31. R1a2 Qd6 32. h4 Bg7 33. Naxc5 Rxb3 34.
Nxb3 e4 35. c5 Bxc3 36. cxd6 c5 37. Nxc5 Nxc5 38. Rxc3 Nxd3 39. Rc7 Ne5 40. Rc5
Nd3 41. Rc7 Ne5 42. Ra1 Kg7 43. Bf1 Nf3+ 44. Kh1 Rxd6 45. Bb5 Ne5 46. Bxd7 Nxd7
47. Rxa7 g5 48. a6 1-0

[Event "XII Festival A"]
[Site "Trieste ITA"]
[Date "2010.09.05"]
[Round "2"]
[White "Gleizerov, Evgeny"]
[Black "Pomaro, Alberto"]
[Result "1-0"]
[WhiteElo "2564"]
[BlackElo "2362"]
[PlyCount "45"]
[EventDate "2010.09.04"]

1. d4 d5 2. c4 e6 3. Nf3 c6 4. g3 dxc4 5. Bg2 b5 6. O-O Bb7 7. a4 Nd7 8. Ne5
Qc8 9. b3 cxb3 10. Qxb3 b4 11. a5 c5 12. Bxb7 Qxb7 13. Be3 Rc8 14. Nxd7 c4 15.
Nc5 Rxc5 16. Qa4+ Rb5 17. Nc3 bxc3 18. Rfb1 Bb4 19. Rxb4 a6 20. Rab1 Ke7 21.
Rxb5 axb5 22. Rxb5 Qc6 23. a6 1-0

[Event "XII Festival A"]
[Site "Trieste ITA"]
[Date "2010.09.05"]
[Round "2"]
[White "Gregori, Giuliano"]
[Black "Varini, Massimo"]
[Result "1/2-1/2"]
[WhiteElo "1946"]
[BlackElo "2105"]
[PlyCount "67"]
[EventDate "2010.09.04"]

1. d4 d5 2. c4 e6 3. Nc3 Be7 4. Nf3 Nf6 5. Bg5 O-O 6. e3 Nbd7 7. Bd3 a6 8. cxd5
exd5 9. O-O Re8 10. Ne5 Nxe5 11. dxe5 Ng4 12. Bf4 Bf8 13. Nxd5 Nxe5 14. Bxe5
Rxe5 15. Nb6 Qh4 16. Nxa8 Rh5 17. f4 Qxh2+ 18. Kf2 Be7 19. Rg1 Bh4+ 20. Kf1 Rh6
21. Nxc7 g5 22. Nd5 gxf4 23. Nxf4 Rf6 24. Be4 Be6 25. Qd3 Qg3 26. Ke2 Qf2+ 27.
Kd1 Qxg1+ 28. Kc2 Qf2+ 29. Qd2 Bf5 30. Bxf5 Rxf5 31. Qxf2 Bxf2 32. Kd3 Bg3 33.
Ke4 Rb5 34. b3 1/2-1/2

[Event "XII Festival A"]
[Site "Trieste ITA"]
[Date "2010.09.05"]
[Round "2"]
[White "Kuzubov, Yuriy"]
[Black "Mazi, Leon"]
[Result "1-0"]
[WhiteElo "2628"]
[BlackElo "2381"]
[PlyCount "75"]
[EventDate "2010.09.04"]

1. Nf3 c5 2. e4 d6 3. c3 Nf6 4. Be2 e6 5. O-O Be7 6. Re1 O-O 7. Bf1 d5 8. e5
Nfd7 9. d4 Nc6 10. a3 c4 11. g3 b5 12. h4 a5 13. Ng5 h6 14. Nh3 Qe8 15. Nd2 Rb8
16. Nf4 Bd8 17. Bh3 Ne7 18. Nf3 Nb6 19. Qd2 Kh8 20. Kg2 Bd7 21. Rh1 Ng8 22. Qc2
g6 23. Bd2 Be7 24. Nh2 Kg7 25. Ng4 h5 26. Nh2 Nh6 27. Nf3 Nf5 28. g4 hxg4 29.
Bxg4 Nh6 30. Bh3 Qd8 31. Rag1 Rh8 32. Kf1 Nf5 33. h5 g5 34. Bxf5 exf5 35. Nxg5
Kf8 36. e6 Bxg5 37. Qxf5 Qf6 38. Rxg5 1-0

[Event "XII Festival A"]
[Site "Trieste ITA"]
[Date "2010.09.05"]
[Round "2"]
[White "Mocchi, Tullio"]
[Black "Piscopo, Pierluigi"]
[Result "0-1"]
[WhiteElo "2248"]
[BlackElo "2424"]
[PlyCount "85"]
[EventDate "2010.09.04"]

1. d4 Nf6 2. Nf3 g6 3. Bf4 d6 4. e3 Bg7 5. h3 O-O 6. Be2 Nfd7 7. Nc3 c6 8. O-O
b5 9. a4 b4 10. Ne4 Bb7 11. Ned2 c5 12. c3 Nc6 13. Bd3 Rb8 14. Qe2 bxc3 15.
bxc3 cxd4 16. exd4 Nf6 17. Nb3 Qc8 18. Bd2 Re8 19. Bc4 e5 20. Qd1 Ba6 21. Bxa6
Qxa6 22. Qc2 Qc4 23. Rfb1 Nd5 24. dxe5 dxe5 25. Ra2 e4 26. Nfd4 Nxd4 27. Nxd4
Bxd4 28. Rxb8 Bxf2+ 29. Kxf2 Rxb8 30. Rb2 Re8 31. Be3 Nxe3 32. Kxe3 Qc5+ 33.
Ke2 e3 34. Qd3 Qc6 35. Kf1 Qxa4 36. Re2 Qa1+ 37. Re1 e2+ 38. Kf2 Qb2 39. Qd7
Qb6+ 40. Kg3 Qe3+ 41. Kh2 Re6 42. Qc8+ Kg7 43. Qc4 0-1

[Event "XII Festival A"]
[Site "Trieste ITA"]
[Date "2010.09.05"]
[Round "2"]
[White "Pasquotto, Mirko"]
[Black "Sorbera, Giovanni"]
[Result "0-1"]
[WhiteElo "1934"]
[BlackElo "2057"]
[PlyCount "78"]
[EventDate "2010.09.04"]

1. d4 Nf6 2. c4 c5 3. d5 b5 4. Nf3 g6 5. a4 bxc4 6. Nc3 d6 7. e4 Nbd7 8. Bxc4
Bg7 9. O-O O-O 10. h3 Nb6 11. Bd3 a5 12. Nd2 Bb7 13. Nc4 Nfd7 14. f4 f5 15. Re1
fxe4 16. Nxb6 Nxb6 17. Bxe4 Bd4+ 18. Kh1 Rf5 19. Qg4 Rf7 20. Qg5 Bf6 21. Qg3
Bxc3 22. Qxc3 Nxd5 23. Bxd5 Bxd5 24. b3 h5 25. Bb2 Kh7 26. Rad1 e6 27. Rf1 Qf8
28. Rd3 Rb8 29. Qxa5 c4 30. Rc3 Rxb3 31. Rxb3 cxb3 32. Rc1 Rxf4 33. Rc7+ Rf7
34. Qc3 Rxc7 35. Qxc7+ Kg8 36. Qc1 e5 37. Qg5 Qf1+ 38. Kh2 Kf7 39. Ba3 Qf4+ 0-1

[Event "XII Festival A"]
[Site "Trieste ITA"]
[Date "2010.09.05"]
[Round "2"]
[White "Pregarac, Valter"]
[Black "Petrachi, Gianni"]
[Result "1-0"]
[WhiteElo "2089"]
[BlackElo "1899"]
[PlyCount "27"]
[EventDate "2010.09.04"]

1. d4 Nf6 2. Nf3 g6 3. Nbd2 Bg7 4. e4 d6 5. Bd3 O-O 6. O-O e5 7. dxe5 dxe5 8.
Nxe5 Nxe4 9. Nxf7 Nxf2 10. Nxd8 Nxd1 11. Bc4+ Kh8 12. Rxf8+ Bxf8 13. Nf7+ Kg7
14. Ne4 1-0

[Event "XII Festival A"]
[Site "Trieste ITA"]
[Date "2010.09.05"]
[Round "2"]
[White "Sarno, Spartaco"]
[Black "Kovchan, Alexander"]
[Result "0-1"]
[WhiteElo "2329"]
[BlackElo "2562"]
[PlyCount "74"]
[EventDate "2010.09.04"]

1. Nf3 c5 2. g3 g6 3. Bg2 Bg7 4. O-O Nc6 5. c4 e5 6. Nc3 d6 7. d3 Nge7 8. a3 a5
9. Ne1 Be6 10. Nc2 d5 11. cxd5 Nxd5 12. Ne4 b6 13. Ng5 Bc8 14. Ne3 Nde7 15. f4
h6 16. Qa4 hxg5 17. Bxc6+ Nxc6 18. Qxc6+ Bd7 19. Qe4 gxf4 20. Nc4 O-O 21. gxf4
exf4 22. Bxf4 Be6 23. Be5 Bxc4 24. Bxg7 Qg5+ 25. Kf2 Bd5 26. Rg1 Qh5 27. Qe5
Qh4+ 28. Kf1 Qh3+ 29. Ke1 Rfe8 30. Qxd5 Kxg7 31. Rf1 Ra7 32. Rf2 Rae7 33. Rd1
Qg4 34. Kf1 Rxe2 35. Qxf7+ Kh6 36. Qf4+ Qxf4 37. Rxf4 Rxh2 0-1

[Event "XII Festival A"]
[Site "Trieste ITA"]
[Date "2010.09.05"]
[Round "2"]
[White "Sevenyuk, Alexey"]
[Black "Epishin, Vladimir V."]
[Result "0-1"]
[WhiteElo "1920"]
[BlackElo "2594"]
[PlyCount "84"]
[EventDate "2010.09.04"]

1. e4 b6 2. d4 Bb7 3. Bd3 e6 4. Be3 c5 5. c3 cxd4 6. cxd4 Bb4+ 7. Nc3 f5 8. Qc2
Nf6 9. f3 fxe4 10. fxe4 Ng4 11. Bf2 O-O 12. Nf3 Nxf2 13. Qxf2 Nc6 14. a3 Be7
15. h4 Rc8 16. Qe3 Na5 17. Qe2 Nb3 18. Rd1 Bxa3 19. Qc2 Rxf3 20. Qxb3 Rxd3 21.
Rxd3 Be7 22. O-O Bxh4 23. d5 Ba6 24. dxe6 Bc4 25. Qd1 Bxd3 26. Qxd3 dxe6 27.
Qh3 Rc6 28. e5 Qd4+ 29. Kh1 Be7 30. Qh5 Qh4+ 31. Qxh4 Bxh4 32. Ne4 h6 33. b3
Rc2 34. g3 Re2 35. Rf4 Be7 36. Rg4 g5 37. Nd6 Bxd6 38. exd6 Rd2 39. Rc4 Rxd6
40. Rc8+ Kg7 41. Rc7+ Kf6 42. Rxa7 Rd3 0-1

[Event "XII Festival A"]
[Site "Trieste ITA"]
[Date "2010.09.05"]
[Round "2"]
[White "Srebrnic, Vojko"]
[Black "Ottaviani, Gianluca"]
[Result "1-0"]
[WhiteElo "2178"]
[BlackElo "1936"]
[PlyCount "53"]
[EventDate "2010.09.04"]

1. e4 c5 2. c3 d6 3. d4 Nf6 4. Bd3 g6 5. e5 dxe5 6. dxe5 Nfd7 7. e6 fxe6 8. Qe2
Nc6 9. Nf3 Bg7 10. h4 Nf6 11. Nbd2 O-O 12. Ne4 Qa5 13. Neg5 Nd5 14. O-O e5 15.
Bc4 e6 16. g3 h6 17. Ne4 Kh7 18. Nfd2 Qd8 19. Rd1 b6 20. Nf1 Nce7 21. h5 g5 22.
Bd3 Kh8 23. c4 Nf6 24. Nxf6 Rxf6 25. Qe4 Nf5 26. Qxa8 Nd4 27. Nh2 1-0

[Event "XII Festival A"]
[Site "Trieste ITA"]
[Date "2010.09.05"]
[Round "2"]
[White "Suc, Timothy"]
[Black "Tonel, Giulia"]
[Result "1-0"]
[WhiteElo "2014"]
[BlackElo "1977"]
[PlyCount "57"]
[EventDate "2010.09.04"]

1. e4 d6 2. d4 Nf6 3. Bd3 g6 4. Nc3 Bg7 5. Nf3 O-O 6. Be3 c6 7. h3 Qa5 8. Qd2
Nbd7 9. O-O b5 10. a4 b4 11. Ne2 Rb8 12. Bh6 Rd8 13. Bxg7 Kxg7 14. Ng3 h6 15.
Rae1 e5 16. Nh4 Nf8 17. f4 exf4 18. Qxf4 Qg5 19. Qf2 Rb7 20. e5 Nd5 21. Ne4 Qe7
22. exd6 Rxd6 23. Nxd6 Qxd6 24. Ba6 Rc7 25. Bxc8 Rxc8 26. Qxf7+ Kh8 27. Re8
Rxe8 28. Qxe8 Nf6 29. Qxf8+ 1-0

[Event "XII Festival A"]
[Site "Trieste ITA"]
[Date "2010.09.05"]
[Round "2"]
[White "Ulibin, Mikhail"]
[Black "Jovic, Stanoje"]
[Result "1-0"]
[WhiteElo "2544"]
[BlackElo "2290"]
[PlyCount "81"]
[EventDate "2010.09.04"]

1. d4 Nf6 2. c4 d6 3. Nc3 Bf5 4. f3 e5 5. e4 exd4 6. Qxd4 Nc6 7. Qd2 Be6 8. b3
a5 9. Bb2 h5 10. Nd5 Ne5 11. Nxf6+ gxf6 12. f4 Bh6 13. Ne2 Rg8 14. c5 h4 15.
Qc3 Nc6 16. f5 Bd7 17. cxd6 cxd6 18. Qxf6 Qxf6 19. Bxf6 Nb4 20. Kf2 d5 21. Nc3
Rc8 22. Rd1 Rc6 23. Be5 f6 24. exd5 Nxd5 25. Rxd5 fxe5 26. Bc4 Rg4 27. Rxe5+
Kf8 28. Rd1 Bg7 29. Red5 Be8 30. Nb5 Rf4+ 31. Kg1 Bf6 32. g3 hxg3 33. hxg3 Rf3
34. Kg2 Re3 35. Kf2 Re7 36. Nd4 Bxd4+ 37. R1xd4 Rh6 38. Rd8 Rh2+ 39. Kf3 Kg7
40. R4d6 Bc6+ 41. Kg4 1-0

[Event "XII Festival A"]
[Site "Trieste ITA"]
[Date "2010.09.05"]
[Round "2"]
[White "Walta, Paivi"]
[Black "Vidic, Miha"]
[Result "1/2-1/2"]
[WhiteElo "1846"]
[BlackElo "2016"]
[PlyCount "51"]
[EventDate "2010.09.04"]

1. e4 c5 2. c3 d5 3. exd5 Qxd5 4. d4 Nf6 5. Nf3 Bg4 6. Be2 cxd4 7. cxd4 e6 8.
O-O Be7 9. Nc3 Qd8 10. Qa4+ Nbd7 11. d5 O-O 12. Rd1 Nb6 13. Qb3 exd5 14. Be3
Be6 15. Nd4 Rc8 16. Rd2 Qd7 17. Qd1 Nc4 18. Bxc4 Rxc4 19. Nxe6 fxe6 20. Bxa7 b5
21. Be3 Qc6 22. f3 Bc5 23. Bxc5 Qxc5+ 24. Kh1 d4 25. Ne2 d3 26. Rxd3 1/2-1/2

[Event "XII Festival A"]
[Site "Trieste ITA"]
[Date "2010.09.05"]
[Round "2"]
[White "Yrjola, Jouni"]
[Black "Roiz, Michael"]
[Result "1/2-1/2"]
[WhiteElo "2368"]
[BlackElo "2637"]
[PlyCount "80"]
[EventDate "2010.09.04"]

1. d4 Nf6 2. c4 c6 3. Nc3 d5 4. e3 a6 5. Qc2 e6 6. Nf3 c5 7. cxd5 exd5 8. Be2
Nc6 9. Ne5 Qc7 10. Nxc6 bxc6 11. O-O Bd6 12. h3 O-O 13. Rd1 Re8 14. Bf1 Bd7 15.
Bd2 Qa7 16. dxc5 Qxc5 17. Rac1 Qa7 18. Bd3 c5 19. Bf5 Bc6 20. b3 Qb7 21. Na4
Bxa4 22. bxa4 Qe7 23. g3 c4 24. h4 Bb4 25. Bxb4 Qxb4 26. g4 Qc5 27. g5 Ne4 28.
Rd4 c3 29. Rcd1 g6 30. Rxd5 Qe7 31. Rd7 Qe5 32. R1d5 gxf5 33. Rxe5 Rxe5 34. f3
Nd2 35. Qxc3 Nxf3+ 36. Kf2 Nh2 37. Qc4 Ng4+ 38. Ke2 Rxe3+ 39. Kd2 Re6 40. Qc7
Ne5 1/2-1/2

[Event "XII Festival A"]
[Site "Trieste ITA"]
[Date "2010.09.05"]
[Round "3"]
[White "Biason, Adriano"]
[Black "Tonel, Giulia"]
[Result "0-1"]
[WhiteElo "1928"]
[BlackElo "1977"]
[PlyCount "76"]
[EventDate "2010.09.04"]

1. d4 Nf6 2. c4 g6 3. Nc3 Bg7 4. e4 d6 5. Nf3 O-O 6. Be2 e5 7. O-O Nc6 8. d5
Ne7 9. b4 a5 10. bxa5 Rxa5 11. Bd2 b6 12. Qc2 Nd7 13. a4 f5 14. Ng5 Nc5 15. Nb5
Ra8 16. a5 h6 17. axb6 Rxa1 18. Rxa1 hxg5 19. bxc7 Qd7 20. Bxg5 Ba6 21. exf5
Nxf5 22. Bg4 Bxb5 23. cxb5 Qxc7 24. Rb1 Qb7 25. Qc4 Rc8 26. h4 e4 27. h5 Ne6
28. Qc6 Rxc6 29. dxc6 Qb6 30. Bd2 Bd4 31. hxg6 Bxf2+ 32. Kh2 Bg3+ 33. Kh1 Ned4
34. Bxf5 Nxf5 35. Ba5 Qxa5 36. b6 Qa2 37. Rf1 Ne3 38. Rg1 Qe2 0-1

[Event "XII Festival A"]
[Site "Trieste ITA"]
[Date "2010.09.05"]
[Round "3"]
[White "Bogdanovski, Vlatko"]
[Black "Ulibin, Mikhail"]
[Result "0-1"]
[WhiteElo "2398"]
[BlackElo "2544"]
[PlyCount "58"]
[EventDate "2010.09.04"]

1. Nf3 c5 2. g3 b6 3. Bg2 Bb7 4. O-O g6 5. c3 Bg7 6. d4 Nf6 7. Qb3 Qc8 8. Bg5
O-O 9. Nbd2 d5 10. Ne5 h6 11. Bf4 Nc6 12. Rfd1 Rd8 13. Nxc6 Bxc6 14. Be5 Bf8
15. Bxf6 exf6 16. e4 Qb7 17. dxc5 dxe4 18. Nc4 Bxc5 19. Rxd8+ Rxd8 20. Rd1 Rd3
21. Qc2 Qd7 22. Re1 b5 23. Ne3 Rd2 24. Qc1 f5 25. Bf1 a6 26. b4 Bxe3 27. fxe3
f4 28. Bh3 Qd8 29. g4 Rxa2 0-1

[Event "XII Festival A"]
[Site "Trieste ITA"]
[Date "2010.09.05"]
[Round "3"]
[White "Epishin, Vladimir V."]
[Black "Yrjola, Jouni"]
[Result "1/2-1/2"]
[WhiteElo "2594"]
[BlackElo "2368"]
[PlyCount "42"]
[EventDate "2010.09.04"]

1. d4 d6 2. Nf3 g6 3. g3 Bg7 4. Bg2 Nd7 5. O-O e5 6. a4 Ne7 7. dxe5 dxe5 8. Na3
O-O 9. Nc4 Nc6 10. a5 a6 11. Be3 Qe7 12. c3 h6 13. Qb3 Kh7 14. Qa3 Qe6 15. b3
f5 16. Rad1 Nf6 17. Rde1 Ne4 18. Qc1 Qf7 19. Nfd2 Nxd2 20. Qxd2 Be6 21. Bc5
Rfd8 1/2-1/2

[Event "XII Festival A"]
[Site "Trieste ITA"]
[Date "2010.09.05"]
[Round "3"]
[White "Hartl, Daniel"]
[Black "Sarno, Spartaco"]
[Result "0-1"]
[WhiteElo "2233"]
[BlackElo "2329"]
[PlyCount "102"]
[EventDate "2010.09.04"]

1. d4 Nf6 2. c4 g6 3. Nf3 Bg7 4. g3 O-O 5. Bg2 c6 6. Nc3 d6 7. O-O Qa5 8. e4 e5
9. dxe5 dxe5 10. Qe2 Bg4 11. h3 Bxf3 12. Qxf3 Nbd7 13. a3 Qc5 14. Qe2 a5 15.
Be3 Qe7 16. Na4 Ne8 17. Rfd1 Nc7 18. Rxd7 Qxd7 19. Nb6 Qe7 20. Nxa8 Rxa8 21. b3
Ne6 22. a4 Qb4 23. Qc2 Bf8 24. h4 Bc5 25. Bd2 Nd4 26. Qb2 Qxb3 27. Rb1 Nf3+ 28.
Kh1 Nxd2 29. Qxb3 Nxb3 30. Rxb3 b6 31. f4 Rd8 32. fxe5 Rd1+ 33. Kh2 Rc1 34. Rd3
Rxc4 35. Rd8+ Kg7 36. Rd7 Kf8 37. e6 fxe6 38. Rxh7 Rxa4 39. e5 Ra2 40. Kh3 Ra3
41. Bxc6 Bd4 42. h5 Bxe5 43. h6 Rxg3+ 44. Kh4 Rc3 45. Bb5 Rc7 46. Rxc7 Bxc7 47.
Kg4 Be5 48. Kg5 Kf7 49. h7 Bf6+ 50. Kh6 Bc3 51. Bd3 Bd2# 0-1

[Event "XII Festival A"]
[Site "Trieste ITA"]
[Date "2010.09.05"]
[Round "3"]
[White "Jovic, Stanoje"]
[Black "Castelfranchi, Carlo"]
[Result "1-0"]
[WhiteElo "2290"]
[BlackElo "2121"]
[PlyCount "123"]
[EventDate "2010.09.04"]

1. c4 Nf6 2. Nc3 d5 3. cxd5 Nxd5 4. Nf3 g6 5. Nxd5 Qxd5 6. g3 Bg7 7. Bg2 O-O 8.
O-O Nc6 9. d3 Qb5 10. Rb1 Be6 11. b3 Nb4 12. Qd2 a5 13. Bb2 Bxb2 14. Rxb2 Qh5
15. Rc1 c6 16. a3 Nd5 17. Rc5 Bh3 18. Rc4 Bxg2 19. Kxg2 Nf6 20. Rh4 Qc5 21. b4
axb4 22. axb4 Qd6 23. Qh6 Ra1 24. Rc2 Rd8 25. Ng5 Qd5+ 26. f3 Qe5 27. Nxh7 Nh5
28. Ng5 Qg7 29. Qxg7+ Kxg7 30. b5 Rd5 31. bxc6 bxc6 32. Nh3 Rd6 33. Rhc4 Re1
34. Ng1 Nf6 35. Rxc6 Rd4 36. Rc1 Rxc1 37. Rxc1 Ra4 38. Rc2 Nd5 39. Kf2 Ra1 40.
e4 Rf1+ 41. Kxf1 Ne3+ 42. Kf2 Nxc2 43. f4 f6 44. Nf3 Nb4 45. Ke3 Kf7 46. g4 e6
47. d4 f5 48. gxf5 gxf5 49. Ng5+ Ke7 50. e5 Nc2+ 51. Kd3 Nb4+ 52. Ke2 Nc2 53.
Nf3 Nb4 54. Kf2 Nd5 55. Kg3 Ne3 56. Kh4 Nd1 57. d5 exd5 58. Nd4 Ne3 59. Kg5 Kf7
60. h4 Kg8 61. Nxf5 Nc2 62. Ne7+ 1-0

[Event "XII Festival A"]
[Site "Trieste ITA"]
[Date "2010.09.05"]
[Round "3"]
[White "Laco, Giuseppe"]
[Black "Walta, Paivi"]
[Result "1-0"]
[WhiteElo "2126"]
[BlackElo "1846"]
[PlyCount "87"]
[EventDate "2010.09.04"]

1. c4 e5 2. Nc3 g6 3. d4 Bg7 4. d5 d6 5. h4 h6 6. e4 Nf6 7. Be2 Qd7 8. b4 a5 9.
b5 a4 10. a3 Qe7 11. Bf3 O-O 12. Nxa4 b6 13. Nc3 Nbd7 14. Nge2 Nc5 15. Ng3 Bd7
16. Ra2 Ra7 17. Be3 Rfa8 18. a4 Bc8 19. Be2 Qd7 20. f3 Qe8 21. h5 g5 22. Qc2
Bd7 23. Bd1 Qc8 24. Qd2 Nh7 25. Bc2 Qf8 26. Bxc5 dxc5 27. Qd3 Re8 28. Kf2 Nf6
29. Nd1 Rd8 30. Ne3 Ne8 31. Qc3 Ra5 32. Qe1 Nd6 33. Qe2 Re8 34. Ra3 Raa8 35.
Rha1 Ra5 36. R1a2 f6 37. Qd3 Qf7 38. Nef1 Rf8 39. Nd2 Bh8 40. Nb3 Raa8 41. a5
f5 42. exf5 Bxf5 43. Nxf5 Nxf5 44. Qxf5 1-0

[Event "XII Festival A"]
[Site "Trieste ITA"]
[Date "2010.09.05"]
[Round "3"]
[White "Mazi, Leon"]
[Black "Srebrnic, Vojko"]
[Result "1-0"]
[WhiteElo "2381"]
[BlackElo "2178"]
[PlyCount "95"]
[EventDate "2010.09.04"]

1. e4 c5 2. Nf3 g6 3. d4 cxd4 4. Qxd4 Nf6 5. e5 Nc6 6. Qa4 Nd5 7. Qe4 Nb6 8.
Nc3 d5 9. exd6 Bf5 10. Qe2 Bg7 11. Bf4 O-O 12. O-O-O e5 13. Bg5 f6 14. Be3 a6
15. Qd2 Be6 16. Kb1 Rf7 17. Ne4 Nd7 18. h4 h5 19. c4 Rf8 20. Nc3 Rb8 21. Nd5 b6
22. Nc7 Bf7 23. Nxa6 Ra8 24. Nc7 Ra5 25. Bh6 e4 26. Bxg7 Kxg7 27. Nd4 Nxd4 28.
Qxd4 Qc8 29. Rh3 Qb7 30. Re3 Rf5 31. Qxe4 Qa7 32. Qc2 Ne5 33. Rb3 Rd8 34. f3
Rxd6 35. Rxd6 Qxc7 36. Rd4 Qc5 37. Rd1 Rf4 38. Rc3 Rxh4 39. b3 g5 40. Kb2 Bg6
41. Qd2 Rh1 42. Qe3 Qb4 43. Be2 Rh4 44. a3 Qa5 45. Rd5 Qa7 46. Rxe5 fxe5 47.
Qxg5 Rh1 48. Bd3 1-0